000 00311nam a22001337a 4500
008 170905b xxu||||| |||| 00| 0 eng d
020 _a9781400054565
041 _aeng
080 _a070
100 _a40
101 _aMED
245 _aTHE ONION PRESENTS EMBEDED IN AMERICA
_cKOLB/K
942 _2udc
_cBK
999 _c26209
_d26209